000 00566nam a22001817a 4500
003 OSt
005 20251203112538.0
008 251203b |||||||| |||| 00| 0 eng d
020 _a971-086-738-5.
040 _aDWCL-Main lib
_cOC
082 _aFil. 500.2 P954 2007
100 _aCatchillar, Gerry C.
245 _aPrinciples and experiments :
_bPhysical Science
_cCatchillar, Gerry C.
260 _aMandaluyong City :
_bNational Book Store,
_cc2007.
300 _a361 pages :
_billustration;
_c25 cm.
650 _21. Physical science.
942 _2ddc
_cBK-FIL
_kFil.
_n0
999 _c6756
_d6756